000 00724cam a2200205 i 4500
005 20260201132412.0
008 250721s2005 jo gr 000 0 ara d
082 1 4 _a370.78
_bا ب و
100 1 _aأبو علام، رجاء محمود
_eمؤلف.
245 1 0 _aتقويم التعلم /
_cالاستاذ الدكتور رجاء محمود ابو علام.
250 _aالطبعة الاولى.
264 3 1 _aعمان :
_bدار المسيرة للنشر و التوزيع،
_c2005.
300 _a464 صفحة.
650 1 7 _aالتربية.
650 1 7 _aالتعلم.
650 1 7 _aطرق التعلم.
650 1 7 _aتقييم المدرسين.
942 _2ddc
_cBK
999 _c95790
_d95790